[Event "Torino Martedi-C 3rd"]
[Site "Torino"]
[Date "2013.10.01"]
[Round "3"]
[White "Tomanin, Roberto"]
[Black "Liviabella, Lucio"]
[Result "0-1"]
[WhiteElo "1600"]
[BlackElo "1557"]
[PlyCount "132"]
[EventDate "2013.09.17"]
[EventType "tourn"]
[EventRounds "7"]
[EventCountry "ITA"]
[SourceTitle "EXT 2024"]
[Source "ChessBase"]
[SourceDate "2023.10.10"]
[SourceVersion "1"]
[SourceVersionDate "2023.10.10"]
[SourceQuality "1"]

1. d4 c5 2. Bf4 cxd4 3. Qxd4 Nc6 4. Qd1 g6 5. Nf3 Bg7 6. c3 Nf6 7. e3 Qb6 8. Qc2 Nh5 9. Bg5 d6 10. Bd3 h6 11. Bh4 Bg4 12. Nbd2 g5 13. Bg3 Nxg3 14. hxg3 0-0-0 15. Nc4 Qc7 16. Bf5+ Bxf5 17. Qxf5+ Qd7 18. Qxf7 Bf6 19. Qd5 Kb8 20. a4 Qc7 21. a5 a6 22. Nd4 Nxd4 23. cxd4 e5 24. 0-0 exd4 25. exd4 Rhe8 26. Rfe1 Rxe1+ 27. Rxe1 Qc6 28. Qxc6 bxc6 29. Re6 Bxd4 30. Nxd6 Bxb2 31. Nc4 Bd4 32. Rxh6 Rf8 33. Ne3 Kc7 34. Rg6 Bxe3 35. fxe3 Rf5 36. Kh2 Rxa5 37. Kg1 Re5 38. Kf2 a5 39. e4 a4 40. Ke3 a3 41. Rg7+ Kb6 42. Rd7 a2 43. Rd1 Ra5 44. Ra1 Kc5 45. Kd3 Kb4 46. e5 Ka3 47. Re1 Ra8 48. Kc2 Re8 49. Re3+ Kb4 50. Kb2 Ra8 51. Rb3+ Kc5 52. Rc3+ Kd5 53. Rc1 Kxe5 54. Ka1 Ra6 55. Rc2 Kf5 56. Rc4 Kg6 57. g4 Kf6 58. Rc5 Kg6 59. Rc2 Kf7 60. Rxa2 Rxa2+ 61. Kxa2 Ke6 62. Kb3 Ke5 63. Kc4 Kf4 64. Kc5 Kxg4 65. Kxc6 Kg3 66. Kd5 Kxg2 0-1